Statistics for 15 Largest Cities in South America (with a map)

Click here to take the quiz!

General Stats

  • This quiz has been taken 22,104 times
  • The average score is 10 of 15

Answer Stats

Population City % Correct
13.1 milRio de Janeiro
98%
16.3 milBuenos Aires
96%
9.90 milLima
94%
7.20 milSantiago
93%
9.80 milBogotá
92%
22.2 milSão Paulo
92%
4.10 milBrasília
89%
3.78 milCaracas
88%
3.95 milMedellín
60%
4.98 milBelo Horizonte
48%
3.83 milRecife
42%
3.58 milSalvador
34%
4.10 milPorto Alegre
33%
3.65 milFortaleza
32%
3.38 milCuritiba
25%

Score Distribution

Percentile by Number Answered

Percent of People with Each Score

Your Score History

You have not taken this quiz